003460000a2200073000450024501310000004100140013110000220014577301050016710aProcambarus (Scapulicambarus) Clarkii (Girard, 1852), (Crustacea: Decapoda: Cambaridae). una langostilla no nativa en Colombia0 aEspañol1 aCampos, Martha R.1 tRevista de la Academia Colombiana de Ciencias Exactas, Físicas y Naturalesh111q295-302d2005g29